| 000 | 00732nam0a22002291 4500 | ||
|---|---|---|---|
| 001 | rc\437152 | ||
| 005 | 20250621084151.0 | ||
| 035 | _a(NLR Aleph) 005683561 | ||
| 090 |
_a7100262 _c7100262 |
||
| 100 | _a20030616d1988 |||y0rusy50 ca | ||
| 101 | 0 | _arus | |
| 102 | _aRU | ||
| 105 | _aa ||||||||| | ||
| 200 | 1 |
_aЛишь бы чего не случилось _e[Для детей] _fИра Лембер _g[Пер. с эст. Л. Туголесовой _gХудож. К. Онк] |
|
| 210 |
_aТаллин _cЭэсти раамат _d1988 |
||
| 215 |
_a77, [2] с. _cцв. ил. _d24 |
||
| 700 | 1 |
_aЛембер _bИ. _gИра |
|
| 801 | 0 |
_aRU _bNLR _gpsbo |
|
| 801 | 1 |
_aRU _bELAR _2rusmarc |
|
| 852 |
_aNLR _j88-7/299 |
||
| 942 | _cBOOK | ||
| 980 | _aNB | ||